1194 1672 1081 1940 1030 1072 1601 1868 1379 1005 1546 1247 1825 1977 1864 1999 1536 1872 1923 1749 1415 1222 1075 1789 1030 1167 1816 1171 1063 1134 1301 1985 1804 1455 1666 1680 1023 1097 1992 1554 1680 1599 1135 1135 1917 1126 1402 1055 1966 1932 1714 1713 1513 1838 1696 1526 1112 1871 1894 1447 1275 1028 1683 1882 1594 1280 1425 1046 1804 1443 1275 1876 1093 1636 1752 1798 1656 1704 1910 1987 1400 1813 1260 1764 1743 1564 1175 1407 1186 1255 1125 1966 1880 1119 1254 1293 1373 1479 1965 BCNSPRNW ULIB Ver.6.0+V

เปลี่ยนเป็นภาษาไทย

Change to English
 แสดงรายละเอียดบรรณานุกรม
  กลับหน้าหลัก

Brief Record : Get Marc (ISO 2709) : E-mail record : QR code < ปิดหน้าต่าง
LEADER : 00000nam 2200000uu 4500
001    13399120564
003     ULIB
008    120927s2550||||th 000 0 tha d
020    ^a9789740944683
060 04 ^aWY105^bอ792ก 2550
100 0  ^aอุดมรัตน์ สงวนศิริธรรม
245 00 ^aการพัฒนาวิชาชีพการพยาบาล =^bProfessional nursing development/^cอุดมรัตน์ สงวนศิริธรรม
246 31 ^aProfessional nursing development
250    ^aพิมพ์ครั้งที่ 1
260    ^aเชียงใหม่ :^bมหาวิทยาลัยเชียงใหม่,^c2550
300    ^a307 หน้า
650  7 ^aวิชาชีพการพยาบาล
710 2  ^aมหาวิทยาลัยเชียงใหม่
945    ^p250^l0^i15376
995    ^aวิภา
999    ^aใช้งานได้ทุกระบบ
รายการนี้ยังไม่มีแท็ก
คุณยังไม่ได้ล็อกอิน คุณสามารถมีกิจกรรมร่วมกับเว็บไซต์ได้ แต่ต้องล็อกอินก่อน ::
  ล็อกอิน

รายการสื่อสารสนเทศ

ลำดับที่ ประเภท เลขเรียก/บาร์โค้ด สถานที่ สถานะ
1. วิทยาศาสตร์การแพทย์ และสุขภาพ
วิทยาศาสตร์การแพทย์ และสุขภาพ
WY105 อ792ก 2550  
  Barcode: 15376
ห้องสมุดวิทยาเขตสวรรค์ประชารักษ์
►ส่วนจัดเก็บหนังสือเก่า สปร
บนชั้น
  ขอยืม

รายการใกล้เคียง
    ผู้แต่ง [อุดมรัตน์ สงวนศิริธรรม]

    หัวเรื่อง [วิชาชีพการพยาบาล]

BibComment


ยังไม่เคยถูกคอมเมนท์

คอมเมนท์ทรัพยากรรายการนี้
  คอมเมนท์: การพัฒนาวิชาชีพก..


 Copyright 2026. Bcnsprnw @Library